[Event "Ljubljana-chT 74th"]
[Site "Ljubljana"]
[Date "2022.03.03"]
[Round "7.4"]
[White "Borisek, Anze"]
[Black "Dolinsek, Nejc"]
[Result "1-0"]
[WhiteElo "1895"]
[BlackElo "1632"]
[PlyCount "61"]
[EventDate "2022.01.13"]
[EventType "team-swiss"]
[EventRounds "9"]
[EventCountry "SLO"]
[SourceTitle "EXT 2024"]
[Source "ChessBase"]
[SourceDate "2023.10.10"]
[SourceVersion "1"]
[SourceVersionDate "2023.10.10"]
[SourceQuality "1"]
[WhiteTeam "Trzin Buscotrade"]
[BlackTeam "Crni Graben"]
[WhiteTeamCountry "SLO"]
[BlackTeamCountry "SLO"]

1. f4 c5 2. b3 Nc6 3. Bb2 e6 4. Nf3 Nf6 5. e3 b6 6. Be2 g6 7. g4 Bg7 8. g5 Nh5 9. Nc3 h6 10. d3 b5 11. Qd2 b4 12. Na4 Bxb2 13. Nxb2 hxg5 14. Nxg5 Qf6 15. 0-0-0 a5 16. Ne4 Qe7 17. Na4 d6 18. d4 f5 19. Bb5 Bb7 20. d5 exd5 21. Qxd5 Qxe4 22. Qxd6 Rh7 23. Qxg6+ Rf7 24. Bc4 Qe7 25. Qxh5 Nd8 26. Rhg1 Qf6 27. Kb1 Ke7 28. Rg6 Bf3 29. Qxf3 Qxg6 30. Qxa8 Rh7 31. Qxd8# 1-0